| 000 | 00851nam a2200241Ia 4500 | ||
|---|---|---|---|
| 005 | 20221207103847.0 | ||
| 008 | 210716s2009 xx 000 0 und d | ||
| 020 | _a978817758261 | ||
| 040 | _cAIMIT LIBRARY | ||
| 041 | _aeng | ||
| 082 |
_a658.4 _26 _bFREW |
||
| 100 |
_aFrench, Wendell L. _964888 |
||
| 245 |
_aOrganization development: _bBehavioral science interventions for organization improvement / _cBy Wendell L French, Cecil H Bell and Vohra, Veena. |
||
| 250 | _a6th ed. | ||
| 260 |
_aNew Delhi : _bPearson Education , _c2013. |
||
| 300 |
_axiii,236p. ; _c24 cm. |
||
| 650 |
_aOrganizational development and change _964889 |
||
| 650 |
_aTheory and management of OD _964890 |
||
| 650 |
_aKey considerations and issues _964891 |
||
| 700 |
_aBell, Cecil H. _964892 |
||
| 700 |
_aVohra, Veena. _964893 |
||
| 942 |
_2ddc _cBK _e6th _k658.4 FREW |
||
| 999 |
_c180531 _d180531 |
||